00576 2200181 4500001002100000005001500021035002000036007000300056008004100059082001500100084002100115100001400136245008300150260003500233300001800268500009100286990001700377INLIS00000000000594120260702095006 a0010-0726000006ta260702 u dut  a91(921.25) a91(921.25) KAN b1 aKAN, C.M.1 aDe nederlandsche expeditie naar de boven-djambi en korintji-vallei /cC.M. Kan aUtrecht :bJ.L. Beijers,c1876 a34 p. :bill. auitgegeven ten voordeele der expeditie.--- Diterbitkan untuk kepentingan ekspedisi.--- a0342/KA/2026